Nasadenie bezpilotných lietadiel na vonkajšiu hranicu Európskej únie

Európska agentúra pre riadenie operačnej spolupráce na vonkajších hraniciach členských štátov Európskej únie (Frontex) a jej hlavné úlohy. Nasadenie bezpilotných lietadiel (dronov) na južnej morskej hranici EÚ. Dozor nad hranicami, kontrola nelegálnej migrácie, záchrana migrantov. Právne aspekty nas...

Ausführliche Beschreibung

Gespeichert in:
Bibliographische Detailangaben
1. Verfasser: Klenka, Michal
Format: Buchkapitel
Sprache:Slowakisch
Schlagworte:
Tags: Tag hinzufügen
Keine Tags, Fügen Sie das erste Tag hinzu!

MARC

LEADER 00000nla a2200000 4500
001 0226716
005 20240502073733.1
041 0 |a slo 
044 |a SK 
245 1 0 |a Nasadenie bezpilotných lietadiel na vonkajšiu hranicu Európskej únie  |c Michal Klenka 
520 |a Európska agentúra pre riadenie operačnej spolupráce na vonkajších hraniciach členských štátov Európskej únie (Frontex) a jej hlavné úlohy. Nasadenie bezpilotných lietadiel (dronov) na južnej morskej hranici EÚ. Dozor nad hranicami, kontrola nelegálnej migrácie, záchrana migrantov. Právne aspekty nasadenia bezpilotných lietadiel. 
610 2 0 |a Európska únia 
610 2 0 |a hranice štátne 
610 2 0 |a kontrola 
610 2 0 |a migrácia nelegálna 
610 2 0 |a utečenci 
610 2 0 |a bezpečnosť 
610 2 0 |a sloboda 
610 2 0 |a lietadlá 
100 1 |a Klenka, Michal